00000000nam##2200000za#4500
0019.570927
003CaOODSP
00520210624182457
007cr |||||||||||
008150406|2010||||xxc|||||o    f|0| 0 eng|d
040 |aCaOODSP|beng
043 |an-cn---
0861 |aYC26-0/403-7E-PDF
1101 |aCanada. |bParliament. |bSenate. |bStanding Committee on Energy, the Environment and Natural Resources.
24510|aAttention Canada! Preparing for our energy future : |h[electronic resource]|btowards a Canadian sustainable energy strategy, a discussion paper / |cThe Honourable W. David Angus, chair; the Honourable Grant Mitchell, deputy chair.
2463 |aSeventh report of the Standing Senate Committee on Energy, the Environment and Natural Resources
260 |aOttawa - Ontario : |bSenate. |cJune 2010.
300 |a75p.|bglossary, graphs, references, tables
4901 |aReport of the Standing Senate Committee on Energy, the Environment and Natural Resources|v[40th Parliament, 3rd Session], 7th report
590 |a11-12-Supp|b2011-07-29
77508|tAttention Canada! En route vers notre avenir énergétique : |w(CaOODSP)9.601568
830#0|aReport of the Standing Senate Committee on Energy, the Environment and Natural Resources ;|v[40th Parliament, 3rd Session], 7th report|w(CaOODSP)9.506409
85640|ahttp://publications.gc.ca|qPDF|s1.13 MB|uhttps://publications.gc.ca/collections/collection_2011/sen/yc26-0/YC26-0-403-7-eng.pdf|y[40th Parliament, 3rd Session], 7th report